000 00274 a2200109 4500
999 _c12042
_d12042
008 240117b ||||| |||| 00| 0 eng d
020 _a9788957703373
100 _aARCHIWORLD
245 _aLandscape Architect, Vol.5: Hwang Yong Deuk
260 _bARCHI
_c2010
942 _2ddc